header

Cloning of frogs, mice, and other animals (Record no. 114754)

MARC details
000 -LEADER
fixed length control field 01298nam a2200337Ia 4500
100 1# - MAIN ENTRY--AUTHOR NAME
Personal name McKinnell, Robert Gilmore.
245 10 - TITLE STATEMENT
Title Cloning of frogs, mice, and other animals
250 ## - EDITION STATEMENT
Edition statement Rev. ed.
260 ## - PUBLICATION, DISTRIBUTION, ETC. (IMPRINT)
Place of publication Minneapolis :
Name of publisher University of Minnesota Press,
Year of publication c1985.
300 ## - PHYSICAL DESCRIPTION
Number of Pages ix, 127 p. :
Other physical details ill.
500 ## - GENERAL NOTE
General note Previous ed. published as: Cloning : a biologist reports. 1979.
650 #0 - SUBJECT ADDED ENTRY--TOPICAL TERM
Topical Term Cloning.
Topical Term Cell nuclei
Topical Term Embryology, Experimental.
856 40 - ELECTRONIC LOCATION AND ACCESS
Uniform Resource Identifier http://site.ebrary.com/lib/rucke/Doc?id=10194409

No items available.

© 2026 Rongo University
Contact us: librarian | system librarian | Rongo university